000 00577nam a2200217Ia 4500
005 20230202155500.0
008 230125s9999 xx 000 0 und d
020 _a9788184955767
041 _aeng
082 _a658.4092
_bBAX
100 _aBaxi M
_9116978
245 _aNew Age Leadership
_bAn Open Minded approach for the new generation
260 _c2014
_bJaico Publishing House
_aMumbai
300 _a197p
500 _aLeadership
650 _aLeadership
_9107725
700 _aBaxi M
_9116978
906 _b77.5
942 _cBK
999 _c94700
_d94700